[Event "Mumbai Mayors Cup 7th"]
[Site "Mumbai"]
[Date "2014.06.03"]
[Round "2"]
[White "Ramnath, Bhuvanesh R"]
[Black "Sidhant, Mohapatra"]
[Result "1/2-1/2"]
[WhiteElo "2412"]
[BlackElo "2228"]
[PlyCount "76"]
[EventDate "2014.06.02"]
[EventType "swiss"]
[EventRounds "10"]
[EventCountry "IND"]
[SourceTitle "CBM 160 Extra"]
[Source "ChessBase"]
[SourceDate "2014.07.01"]
[SourceVersion "1"]
[SourceVersionDate "2014.07.01"]
[SourceQuality "1"]

1. e4 e5 2. Nf3 Nc6 3. Bc4 d6 4. 0-0 g6 5. d4 exd4 6. c3 Bg7 7. cxd4 Nge7 8. Nc3 0-0 9. h3 h6 10. Re1 Kh7 11. d5 Ne5 12. Nxe5 Bxe5 13. f4 Bg7 14. Be3 c6 15. dxc6 bxc6 16. Bd4 Bxd4+ 17. Qxd4 Be6 18. Rad1 Bxc4 19. Qxc4 Qb6+ 20. Kh1 Rad8 21. b3 Kg8 22. Qd4 Qxd4 23. Rxd4 Rd7 24. Red1 Rfd8 25. Kg1 d5 26. b4 a5 27. a3 axb4 28. axb4 Rb8 29. exd5 Nxd5 30. Nxd5 Rxd5 31. Rxd5 cxd5 32. Rb1 Rb5 33. Kf2 Kf8 34. Ke3 Ke7 35. Kd4 Kd6 36. Kc3 Rb8 37. Ra1 Rc8+ 38. Kd3 Rc4 1/2-1/2